000 00696nam a22001577a 4500
008 110914s1997 ua|||||r|||| 00| 0dara d
082 _222
_a227.362
_bم ن س
100 _927183
_aالمنسي ، محمد قاسم
245 _aفي التفسير الفقهي /
_cمحمد قاسم المنسي
260 _aالقاهرة :
_bمكتبة الشباب، 1997
_c1997
300 _a321 ص ؛
_c24 سم
504 _aيشتمل على ببليوجرافية ص 309-321
650 _927184
_aالقرآن
_xتفاسير فقهية
942 _2ddc
_cBB
999 _c16029
_d16029